[Event "20. Activity-Cup"]
[Site "?"]
[Date "2018.03.26"]
[Round "1.1"]
[White "Rigo, Lukas"]
[Black "Englisch, Tobias"]
[Result "0-1"]
[WhiteElo "925"]
[BlackElo "1454"]
[Annotator "Eröffnung kein Zentrumsbauer, Grundreihe"]
[PlyCount "66"]
[EventDate "2018.03.26"]

1. e4 c5 2. Bc4 e6 3. Nc3 Nc6 4. Nf3 Nf6 5. O-O d5 6. exd5 exd5 7. Bb5 Bd7 8.
Re1+ Be7 9. Ne5 Nxe5 10. Rxe5 Bxb5 11. Nxb5 O-O 12. Qe1 $2 Re8 13. Qf1 $2 a6
14. Nc3 d4 15. Ne4 Qc7 16. Nxf6+ Bxf6 17. Rxe8+ Rxe8 18. g3 $2 Qc6 19. Qg2 $4
Re1+ 20. Qf1 Rxf1+ 21. Kxf1 Bg5 22. h4 Bxd2 23. Bxd2 Qh1+ 24. Ke2 Qxa1 25. a3
Qxb2 26. Kd1 Qxa3 27. Bc1 Qf3+ 28. Ke1 c4 29. Bb2 c3 30. Ba3 d3 31. cxd3 Qxd3
32. Bc1 c2 33. Bf4 Qd1# 0-1

[Event "20. Activity-Cup"]
[Site "?"]
[Date "2018.03.26"]
[Round "1.2"]
[White "Radnaev, Nomin"]
[Black "Schirmbeck, David"]
[Result "1-0"]
[WhiteElo "1391"]
[BlackElo "859"]
[PlyCount "125"]
[EventDate "2018.03.26"]

1. e4 e5 2. Nf3 Nc6 3. d4 exd4 4. Nxd4 Bc5 5. Nxc6 bxc6 6. Nc3 d6 7. Bc4 Nf6 8.
Bg5 O-O 9. Qf3 Bd4 10. O-O-O Bxc3 11. Qxc3 Nxe4 12. Bxd8 Nxc3 13. bxc3 Rxd8 14.
Rde1 d5 15. Bd3 c5 16. Re7 c4 17. Be2 Kf8 18. Rxc7 Rd7 19. Rxd7 Bxd7 20. Bf3
Bc6 21. Re1 Rb8 22. h4 h6 23. Re5 Rd8 24. g4 f6 25. Rf5 Bd7 26. Rxd5 Ke8 27.
Rd4 g6 28. Rxc4 Be6 29. Rd4 f5 30. gxf5 Bxf5 31. Bc6+ Ke7 32. Rxd8 Kxd8 33. c4
g5 34. hxg5 hxg5 35. c5 Bh3 36. Be4 g4 37. Bf5 Kc7 38. f3 Bg2 39. fxg4 Kd8 40.
g5 Bd5 41. g6 Bxa2 42. g7 a5 43. Bh7 Bc4 44. g8=Q+ Bxg8 45. Bxg8 a4 46. Kd2 a3
47. Kd3 a2 48. Bxa2 Kc7 49. Bd5 Kd7 50. Kd4 Kc7 51. c4 Kc8 52. Ke5 Kd8 53. Kd6
Kc8 54. Be6+ Kd8 55. c6 Ke8 56. c7 Kf8 57. c8=Q+ Kg7 58. Qg8+ Kf6 59. Qf7+ Kg5
60. Qf5+ Kh6 61. Bf7 Kg7 62. Qg6+ Kf8 63. Qg8# 1-0

[Event "20. Activity-Cup"]
[Site "?"]
[Date "2018.03.26"]
[Round "1.3"]
[White "Schirmbeck, Klara"]
[Black "Kaspar, Sebastian"]
[Result "0-1"]
[WhiteElo "834"]
[BlackElo "1387"]
[PlyCount "110"]
[EventDate "2018.03.26"]

1. e4 c5 2. Nf3 Nc6 3. d4 cxd4 4. Nxd4 Nf6 5. Nc3 d6 6. Bb5 Bd7 7. O-O Nxd4 8.
Qxd4 a6 9. Bc4 e5 10. Qd3 Bc6 11. Nd5 Nxd5 12. Bxd5 Qc7 13. Bg5 Be7 14. Bxe7
Qxe7 15. h3 O-O 16. Rad1 Rfd8 17. Qa3 Rac8 18. c3 Bxd5 19. Rxd5 Rc5 20. Rfd1
Rxd5 21. Rxd5 Qc7 22. b3 Qc6 23. c4 Qc7 24. c5 dxc5 25. Rxd8+ Qxd8 26. Qxc5 Qb8
27. b4 h6 28. b5 axb5 29. Qxb5 Qc7 30. a4 Qc1+ 31. Kh2 Qf4+ 32. Kg1 Qxe4 33.
Qe8+ Kh7 34. Qxf7 b6 35. Qe8 Qf5 36. Qb5 Qf6 37. Kf1 Qd6 38. Kg1 Kg6 39. a5
bxa5 40. Qxa5 Kf6 41. f3 g5 42. Kh2 e4+ 43. Kg1 exf3 44. gxf3 Qg3+ 45. Kf1
Qxf3+ 46. Ke1 Qe4+ 47. Kf2 Qf5+ 48. Kg3 Qxa5 49. Kf3 Kf5 50. h4 g4+ 51. Ke3
Qc3+ 52. Ke2 Kf4 53. h5 Qc2+ 54. Kf1 Kf3 55. Ke1 Qc1# 0-1

[Event "20. Activity-Cup"]
[Site "?"]
[Date "2018.03.26"]
[Round "1.4"]
[White "Wickramasinghe, Nathaniel"]
[Black "Gerhold, Paul"]
[Result "1-0"]
[WhiteElo "1335"]
[BlackElo "815"]
[PlyCount "35"]
[EventDate "2018.03.26"]

1. e4 e6 2. d4 d5 3. Nc3 dxe4 4. Nxe4 Nc6 5. Nf3 Nf6 6. Nxf6+ Qxf6 7. Bg5 Qf5
8. Bd3 Qa5+ 9. Qd2 Qxd2+ 10. Bxd2 Bd6 11. O-O-O Bd7 12. Rhe1 O-O-O 13. Be3 Rhf8
14. Ne5 Nxe5 15. dxe5 Bxe5 16. Bxa7 Bxh2 17. g3 b6 18. Ba6# 1-0

[Event "20. Activity-Cup"]
[Site "?"]
[Date "2018.03.26"]
[Round "1.5"]
[White "Florea, Vlad"]
[Black "Peraus, Tizian"]
[Result "0-1"]
[WhiteElo "800"]
[BlackElo "1240"]
[Annotator "Eröffnungsfehler unsicherer König"]
[PlyCount "44"]
[EventDate "2018.03.26"]

1. e4 e6 2. Nf3 d5 3. Nc3 Nf6 4. exd5 exd5 5. d4 Bg4 6. Be2 Nc6 7. h3 Bh5 8. g4
Bg6 9. Ne5 Bb4 10. Bd2 Bxc3 11. Bxc3 Be4 12. f3 Bg6 13. Nxg6 hxg6 14. f4 $2 Ne4
$1 15. Qd3 Qh4+ 16. Kd1 Nf2+ 17. Kd2 Nxd3 18. Bxd3 O-O-O 19. Ba5 Nxa5 20. f5
Qf2+ 21. Be2 Nc4+ 22. Kd3 Qe3# 0-1

[Event "20. Activity-Cup"]
[Site "?"]
[Date "2018.03.26"]
[Round "1.6"]
[White "Ernst, Robert"]
[Black "Radnaev, Mikael"]
[Result "1-0"]
[WhiteElo "1201"]
[BlackElo "800"]
[PlyCount "25"]
[EventDate "2018.03.26"]

1. e4 e5 2. Nf3 Nc6 3. Bc4 Bc5 4. d3 Nf6 5. Bg5 h6 6. Bh4 g5 7. Bg3 O-O 8. h3
d6 9. c3 Qe7 10. h4 $6 Bg4 $2 11. hxg5 hxg5 12. Qd2 Bxf3 13. Qxg5# 1-0

[Event "20. Activity-Cup"]
[Site "?"]
[Date "2018.03.26"]
[Round "1.7"]
[White "Rigo, Clemens"]
[Black "Peraus, Leonie"]
[Result "0-1"]
[WhiteElo "800"]
[BlackElo "1195"]
[PlyCount "94"]
[EventDate "2018.03.26"]

1. e4 e5 2. Nf3 Nf6 3. Nc3 d6 4. Bb5+ c6 5. Bc4 Bg4 6. h3 Bh5 7. d4 exd4 8.
Qxd4 Bxf3 9. gxf3 Nbd7 10. Bg5 Be7 11. e5 $2 Nxe5 12. O-O-O Nxf3 13. Qe3 Nxg5
14. Qxg5 g6 15. Qh6 Qc7 16. Qg7 O-O-O 17. Qxf7 Kb8 18. Rde1 Rde8 19. Ne4 Nxe4
20. Rxe4 d5 21. Re3 dxc4 22. Rhe1 Bg5 23. Qxc7+ Kxc7 24. Kd2 Bxe3+ 25. fxe3 Re4
26. c3 Rd8+ 27. Ke2 Rd3 28. Kf2 Rd2+ 29. Kf3 Re8 30. b3 cxb3 31. axb3 Rd3 32.
c4 Rxb3 33. Kf4 g5+ 34. Kf3 h5 35. Kf2 g4 36. h4 Re4 37. c5 Rb2+ 38. Kf1 Rh2
39. Kg1 g3 40. Kf1 Rh1+ 41. Ke2 Rxe1+ 42. Kxe1 Rxe3+ 43. Kf1 Ra3 44. Kg1 Ra2
45. Kf1 Kd7 46. Ke1 g2 47. Kd1 g1=Q# 0-1

[Event "20. Activity-Cup"]
[Site "?"]
[Date "2018.03.26"]
[Round "2.1"]
[White "Englisch, Tobias"]
[Black "Ernst, Robert"]
[Result "1-0"]
[WhiteElo "1454"]
[BlackElo "1201"]
[Annotator "Doppelangriff"]
[PlyCount "109"]
[EventDate "2018.03.26"]

1. e4 e5 2. Nf3 Nc6 3. d4 exd4 4. Bc4 Bb4+ 5. c3 dxc3 6. O-O Nge7 7. Nxc3 d6 8.
Bd2 Bg4 9. a3 Bc5 10. Nd5 Ne5 11. Be2 Nxf3+ 12. Bxf3 Bxf3 13. Qxf3 Nxd5 14.
exd5 O-O 15. Bc3 Qh4 16. Rfe1 Bd4 $2 17. Re4 Qf6 18. Bxd4 Qxf3 19. gxf3 f5 20.
Re7 Rf7 21. Rae1 Kf8 22. Rxf7+ Kxf7 23. Rc1 Rc8 24. Bxa7 c6 25. Bb6 c5 26. b4
c4 27. Kf1 Kf6 28. f4 g5 29. Bd4+ Kg6 30. Be3 gxf4 31. Bxf4 Kh5 32. Bxd6 Kg4
33. Bc5 b5 34. Rc3 Rd8 35. d6 Kf4 36. Ke2 Ke4 37. f3+ Kd5 38. Ke3 Ke5 39. f4+
Kd5 40. Rc2 Ke6 41. Kd4 Rd7 42. Re2+ Kf6 43. Kd5 Rd8 44. Re6+ Kf7 45. Re7+ Kf6
46. d7 c3 47. Kc6 c2 48. Re1 h5 49. Be7+ Kf7 50. Bxd8 Kf8 51. Bf6 Kf7 52. d8=Q
h4 53. Qe7+ Kg6 54. Qg7+ Kh5 55. Qg5# 1-0

[Event "20. Activity-Cup"]
[Site "?"]
[Date "2018.03.26"]
[Round "2.2"]
[White "Peraus, Leonie"]
[Black "Radnaev, Nomin"]
[Result "1-0"]
[WhiteElo "1195"]
[BlackElo "1391"]
[Annotator "Entfesselung"]
[PlyCount "31"]
[EventDate "2018.03.26"]

1. e4 d5 2. exd5 Qxd5 3. Nf3 Bg4 4. Be2 e5 5. d3 Nc6 6. O-O Bd6 7. Be3 Nf6 8.
h3 Bh5 9. a3 O-O 10. c4 Qe6 11. Ng5 $6 Qf5 $4 12. Bxh5 Nxh5 13. Qxh5 h6 14. Qf3
$1 Qxd3 15. Qe4 $1 Qb3 16. Qh7# 1-0

[Event "20. Activity-Cup"]
[Site "?"]
[Date "2018.03.26"]
[Round "2.3"]
[White "Kaspar, Sebastian"]
[Black "Sölkner, Julian"]
[Result "1-0"]
[WhiteElo "1387"]
[BlackElo "1177"]
[Annotator "Mobilität, Springerfang"]
[PlyCount "87"]
[EventDate "2018.03.26"]

1. e4 e5 2. Nf3 Nc6 3. Bb5 d6 4. d4 exd4 5. Nxd4 Bd7 6. Bxc6 Bxc6 7. Nxc6 bxc6
8. Bf4 d5 9. exd5 cxd5 10. O-O Be7 11. Re1 Nf6 12. Qe2 h6 13. Nc3 c5 14. Nb5
Kf8 15. Rad1 d4 16. Be5 a6 17. Nc7 Ra7 18. Bxf6 $2 Rxc7 (18... gxf6 19. Nxa6
Qc8 20. Nxc5 Bxc5) 19. Bxe7+ Rxe7 20. Qxa6 Qe8 21. Qd6 h5 22. Qxc5 Rh6 23. Rxe7
Qxe7 24. Qxd4 Re6 25. Qd8+ Qxd8 26. Rxd8+ Ke7 27. Rd1 Re2 28. Rc1 Kd6 29. b4
Kc6 30. Kf1 Re4 31. c4 g5 32. a4 Rh4 33. h3 g4 34. Rc3 gxh3 35. gxh3 Re4 36.
b5+ Kb6 37. c5+ Kc7 38. a5 Ra4 39. a6 Ra5 40. b6+ Kb8 41. a7+ Kb7 42. c6+ Kxb6
43. c7 Ra1+ 44. Kg2 {Schwarz gibt auf} 1-0

[Event "20. Activity-Cup"]
[Site "?"]
[Date "2018.03.26"]
[Round "2.4"]
[White "Gasca, Luca"]
[Black "Wickramasinghe, Nathaniel"]
[Result "0-1"]
[WhiteElo "962"]
[BlackElo "1335"]
[Annotator "Mobilität, Fesselung, Doppelangriff"]
[PlyCount "48"]
[EventDate "2018.03.26"]

1. e4 d5 2. exd5 Nf6 3. Nf3 Bg4 4. Nc3 c6 5. h3 Bf5 6. dxc6 Nxc6 7. d4 e6 8.
Bb5 Bd6 9. Bg5 O-O 10. d5 exd5 11. Nxd5 Be7 12. Nxf6+ Bxf6 13. Qxd8 Bxd8 14.
O-O-O Bxg5+ 15. Nxg5 Rac8 16. g4 Bg6 17. Rd7 $2 h6 $1 18. Nf3 Be4 $1 19. Be2
Bxf3 20. Bxf3 Ne5 21. Rxb7 Nxf3 22. Rxa7 Rfd8 23. Ra3 Nd4 24. Re1 Nxc2 {
Weiß gibt auf} 0-1

[Event "20. Activity-Cup"]
[Site "?"]
[Date "2018.03.26"]
[Round "2.5"]
[White "Peraus, Tizian"]
[Black "Schwab, Harald"]
[Result "1/2-1/2"]
[WhiteElo "1240"]
[BlackElo "1036"]
[Annotator "Ablenkung Verteidiger"]
[PlyCount "100"]
[EventDate "2018.??.??"]

1. d4 d5 2. c4 e6 3. Nc3 Nf6 4. Nf3 Nc6 5. Bg5 h6 6. Bh4 Be7 7. Bxf6 Bxf6 8. e3
O-O 9. Be2 Re8 10. O-O b6 11. a3 Ba6 12. cxd5 Bxe2 13. Qxe2 exd5 14. Rac1 Nxd4
15. Nxd4 Bxd4 16. Qd3 Bxc3 17. Rxc3 c5 18. Rd1 d4 19. exd4 cxd4 20. Rc4 Qe7 21.
h3 Rad8 22. Rxd4 Rxd4 23. Qxd4 Qc7 24. Qd7 $4 Re1+ $1 25. Rxe1 Qxd7 26. g3 Qd2
27. Re8+ Kh7 28. b4 Qc1+ 29. Kg2 Qc6+ 30. Kh2 Qxe8 31. h4 Qe2 32. Kg2 g5 33.
hxg5 hxg5 34. a4 g4 35. a5 Qf3+ 36. Kg1 f5 37. axb6 axb6 38. b5 f4 39. gxf4
Qxf4 40. Kg2 Qf3+ 41. Kg1 Kh6 42. Kh2 Qxf2+ 43. Kh1 Qf1+ 44. Kh2 Kh5 45. Kg3
Qf3+ 46. Kh2 g3+ 47. Kh3 g2+ 48. Kh2 Kh4 49. Kg1 Qf1+ 50. Kh2 g1=R {Schwarz
stellt einen umgedrehten Turm auf g1 und reklamiert "Matt". Allerdings
reklamiert Weiß zu Recht, dass ein Turm das Feld g1 berührt hat und damit
die Umwandlung in einen Turm gültig ist. Daher: REMIS} 1/2-1/2

[Event "20. Activity-Cup"]
[Site "?"]
[Date "2018.03.26"]
[Round "2.7"]
[White "Kober, Stefan"]
[Black "Pavlov, Alexander"]
[Result "0-1"]
[WhiteElo "1087"]
[BlackElo "1152"]
[PlyCount "134"]
[EventDate "2018.03.26"]

1. e4 e5 2. Nf3 Nc6 3. Bc4 Bc5 4. O-O Nf6 5. Re1 O-O 6. Nc3 d6 7. d3 Bg4 8. Be3
a6 9. a4 Qd7 10. h3 Bh5 11. Rb1 Nd4 12. Bxd4 Bxd4 13. Nd5 Nxd5 14. Bxd5 c6 15.
Ba2 Qe7 16. c3 Bb6 17. b4 Qf6 18. a5 Bc7 19. Re3 b6 20. axb6 Bxb6 21. Re2 Bxf3
22. gxf3 Qxf3 23. Qf1 Qxd3 24. Rd1 Qg3+ 25. Qg2 Qxg2+ 26. Kxg2 Rfd8 27. Rg1 a5
28. bxa5 Bxa5 29. c4 Bc3 30. Bb3 Ra3 31. Bc2 Bd4 32. Kh2 g6 33. Rg2 Rc3 34. Bb1
Rxc4 35. f3 Rc3 36. Rg3 Be3 37. f4 Bxf4 38. Reg2 Rxg3 39. Rxg3 Bxg3+ 40. Kxg3
Rb8 41. Bc2 Rb2 42. Bd1 Rd2 43. Bf3 Rd3 44. h4 c5 45. Kf2 c4 46. Be2 Rd2 47.
Ke3 c3 48. Bd3 Rh2 49. Be2 c2 50. Kd2 Rxe2+ 51. Kc1 Rxe4 52. Kxc2 Rxh4 53. Kd2
d5 54. Ke2 d4 55. Kd2 e4 56. Ke2 d3+ 57. Kd2 Rh2+ 58. Kd1 d2 59. Kc2 e3 60. Kd1
Rh1+ 61. Ke2 d1=Q+ 62. Kxe3 Re1+ 63. Kf4 Qd2+ 64. Kg3 Re4 65. Kh3 Qd3+ 66. Kg2
Re2+ 67. Kf1 Qd1# 0-1

[Event "20. Activity-Cup"]
[Site "?"]
[Date "2018.03.26"]
[Round "2.8"]
[White "Radnaev, Mikael"]
[Black "Rigo, Lukas"]
[Result "0-1"]
[WhiteElo "800"]
[BlackElo "925"]
[Annotator "Fesselung, Gegenangriff, Mobilität"]
[PlyCount "54"]
[EventDate "2018.03.26"]

1. e4 e5 2. Nf3 Nc6 3. Bc4 Nf6 4. Nc3 Bb4 5. Nd5 Nxd5 6. Bxd5 d6 7. O-O Bd7 8.
d3 h6 9. Bd2 Bxd2 10. Qxd2 O-O 11. h3 Qf6 12. Bxc6 Bxc6 13. Rae1 Qf4 14. Qxf4
exf4 15. Nh4 d5 16. Nf5 Rfe8 17. f3 dxe4 18. fxe4 a6 19. Rxf4 Bd5 20. Rg4 g6
21. Nxh6+ Kh7 22. Rh4 Bxa2 23. Nf5+ Kg8 24. Nh6+ Kg7 25. Rf1 Rh8 26. Rxf7+ Bxf7
27. Nxf7 Rxh4 {Weiß gibt auf} 0-1

[Event "20. Activity-Cup"]
[Site "?"]
[Date "2018.03.26"]
[Round "2.9"]
[White "Schirmbeck, David"]
[Black "Florea, Vlad"]
[Result "0-1"]
[WhiteElo "859"]
[BlackElo "800"]
[PlyCount "64"]
[EventDate "2018.03.26"]

1. e4 e5 2. Nf3 Nc6 3. d4 d5 4. exd5 Nb4 5. Nc3 Nxd5 6. Nxd5 Qxd5 7. b3 f6 8.
Bc4 Qd8 9. dxe5 fxe5 10. Qxd8+ Kxd8 11. Bg5+ Be7 12. O-O-O+ Bd7 13. Be6 Nf6 14.
Bxf6 Bxf6 15. Rxd7+ Ke8 16. Rhd1 e4 17. Ne5 Bxe5 18. Bf7+ Kf8 19. Rxc7 Bxc7 20.
Rd7 Rc8 21. a4 g6 22. b4 a5 23. bxa5 Bxa5 24. Rxb7 Rc7 25. Rxc7 Bxc7 26. Bd5
Bxh2 27. a5 Ke7 28. a6 Bb8 29. Bxe4 Ba7 30. c4 Rc8 31. f4 Rxc4+ 32. Kd2 Rxe4 {
Weiß gibt auf} 0-1

[Event "20. Activity-Cup"]
[Site "?"]
[Date "2018.03.26"]
[Round "2.11"]
[White "Gerhold, Paul"]
[Black "Rigo, Clemens"]
[Result "1-0"]
[WhiteElo "815"]
[BlackElo "800"]
[PlyCount "95"]
[EventDate "2018.03.26"]

1. e4 e5 2. Nf3 Nc6 3. d4 f6 4. d5 Nd4 5. Nxd4 exd4 6. Qxd4 Ne7 7. Nc3 d6 8.
Bb5+ Bd7 9. O-O Bxb5 10. Nxb5 c5 11. dxc6 Nxc6 12. Qd1 Qb6 13. Nxd6+ Bxd6 14.
Qxd6 Rd8 15. Qe6+ Kf8 16. b3 Qd4 17. Ba3+ Nb4 18. h3 Rd6 19. Bxb4 Qxb4 20. Qc8+
Ke7 21. Qxh8 Rd8 22. Qxg7+ Ke6 23. Rad1 Qf8 24. Qxf8 Rxf8 25. Rd3 Ke5 26. Re1
b5 27. Rd5+ Ke6 28. Rxb5 Rc8 29. c4 h6 30. Rh5 Rh8 31. e5 fxe5 32. Rexe5+ Kf7
33. Ra5 a6 34. Rxa6 Kg7 35. Raxh6 Rxh6 36. Rxh6 Kxh6 37. a4 Kg7 38. a5 Kf7 39.
a6 Ke6 40. a7 Ke5 41. a8=Q Kd4 42. Qd5+ Kc3 43. Qc5 Kxb3 44. Kf1 Kc3 45. Ke2
Kc2 46. Qb4 Kc1 47. Kd3 Kd1 48. Qb1# 1-0

[Event "20. Activity-Cup"]
[Site "?"]
[Date "2018.03.27"]
[Round "3.1"]
[White "Wickramasinghe, Nathaniel"]
[Black "Englisch, Tobias"]
[Result "1-0"]
[WhiteElo "1335"]
[BlackElo "1454"]
[Annotator "Ablenkung Verteidiger, Mattbild T+L, Gegenang"]
[PlyCount "37"]
[EventDate "2018.03.26"]

1. e4 c5 2. Nf3 d6 3. d4 cxd4 4. Nxd4 Nf6 5. Nc3 g6 6. Bc4 Bg7 7. O-O O-O 8.
Be3 Nc6 9. h3 Nxe4 10. Nxe4 d5 11. Nxc6 bxc6 12. Bd3 dxe4 13. Bxe4 Rb8 14. Bxc6
Rxb2 15. Qxd8 Rxd8 16. Rfd1 Rd6 17. Bf4 $1 Rxc6 (17... Rxa2 $3 18. Bxd6 (18.
Rxa2 Rxd1+ 19. Kh2 Bd4) 18... Bxa1 19. Bxe7 Be6) 18. Rd8+ Bf8 19. Bh6 {mit
Matt im nächsten Zug} 1-0

[Event "20. Activity-Cup"]
[Site "Haus des Schachsports, 1020 Wi"]
[Date "2018.03.27"]
[Round "3.2"]
[White "Peraus, Leonie"]
[Black "Kaspar, Sebastian"]
[Result "1/2-1/2"]
[WhiteElo "1195"]
[BlackElo "1387"]
[PlyCount "20"]
[EventDate "2018.03.26"]

1. e4 e5 2. Nf3 Nf6 3. Bc4 Nxe4 4. Qe2 Nf6 5. Nxe5 Qe7 6. Bxf7+ Kd8 7. Bb3 Ke8
8. Bf7+ Kd8 9. Bb3 Ke8 10. Bf7+ Kd8 {Remis wegen dreimaliger
Stellungswiederholung} 1/2-1/2

[Event "20. Activity-Cup"]
[Site "Haus des Schachsports, 1020 Wi"]
[Date "2018.03.27"]
[Round "3.4"]
[White "Schwab, Harald"]
[Black "Radnaev, Nomin"]
[Result "0-1"]
[WhiteElo "1036"]
[BlackElo "1391"]
[Annotator "T+S gegen T+L plus Bauern"]
[PlyCount "104"]
[EventDate "2018.03.26"]

1. e4 d5 2. exd5 Qxd5 3. Nc3 Qa5 4. Nf3 Bg4 5. h3 Bh5 6. d3 e6 7. Bd2 Bd6 8.
Be2 Nf6 9. Ne4 Qb6 10. Nxf6+ gxf6 11. Bc3 e5 12. O-O Nc6 13. b3 O-O-O 14. a4
Bb4 15. Bxb4 Nxb4 16. a5 Qc6 17. c3 Nd5 18. Nxe5 fxe5 19. Bxh5 Nxc3 20. Qe1
Rxd3 21. Qxe5 Rg8 22. Qf5+ Kb8 23. Bg4 Qg6 24. Qxg6 hxg6 25. Rfe1 f5 26. Bf3 g5
27. Kh1 $2 (27. Re5 Rf8 28. a6 bxa6 (28... b6 29. Rae1 Rdd8 30. Rc1 Rd3 31. b4)
29. Rxa6 Ne4 30. Rb5+ Kc8 31. Rxa7 Kd7 32. Bxe4 fxe4 33. Rc5) 27... c6 28. a6
g4 29. hxg4 fxg4 30. Be4 Nxe4 31. Rxe4 bxa6 32. g3 Rxb3 33. Rxa6 Rb6 34. Raa4
c5 35. Rxg4 Rxg4 36. Rxg4 Rb4 37. Rg8+ $2 Kb7 38. f4 c4 39. Re8 $4 c3 40. Re2
Rb2 $1 41. Re1 c2 42. Kg1 Rb1 43. Kf2 Rxe1 44. Kxe1 c1=Q+ 45. Kf2 Qd2+ 46. Kf3
Kc6 47. Kg4 Kd5 48. Kh4 Ke4 49. Kg5 Qe3 50. Kg4 Qf3+ 51. Kh4 Kf5 52. Kh3 Qh1#
0-1

[Event "20. Activity-Cup"]
[Site "Haus des Schachsports, 1020 Wi"]
[Date "2018.03.27"]
[Round "3.5"]
[White "Ernst, Robert"]
[Black "Gerhold, Paul"]
[Result "0-1"]
[WhiteElo "1201"]
[BlackElo "815"]
[PlyCount "42"]
[EventDate "2018.03.26"]

1. e4 e6 2. d4 d5 3. exd5 exd5 4. Bf4 Nc6 5. Bb5 Bd7 6. Nc3 Bb4 7. a3 Bxc3+ 8.
bxc3 Nf6 9. c4 a6 10. cxd5 Nxd5 11. Bxc6 Bxc6 12. Bg3 Nc3 13. Qg4 Bxg2 14. Bxc7
Qe7+ 15. Be5 Bxh1 16. Qxg7 O-O-O 17. Kd2 Ne4+ 18. Ke3 Rhg8 19. Qxh7 Qg5+ 20. f4
Qg2 21. Qxf7 Qd2# 0-1

[Event "20. Activity-Cup"]
[Site "Haus des Schachsports, 1020 Wi"]
[Date "2018.03.27"]
[Round "3.8"]
[White "Schirmbeck, Klara"]
[Black "Gasca, Luca"]
[Result "0-1"]
[WhiteElo "834"]
[BlackElo "962"]
[PlyCount "106"]
[EventDate "2018.03.26"]

1. e4 e5 2. Nf3 Nc6 3. Nc3 Bb4 4. d4 Bxc3+ 5. bxc3 d6 6. d5 Nce7 7. h3 Nf6 8.
Bb5+ Bd7 9. Bxd7+ Qxd7 10. Bg5 Nxe4 11. O-O Nxc3 12. Qd2 Nexd5 13. a3 O-O 14.
Rae1 c6 15. Kh1 e4 16. Nd4 h6 17. Be3 Nb5 18. Nxb5 Nxe3 19. Qxe3 cxb5 20. Qxe4
Rae8 21. Qd4 Rxe1 22. Rxe1 b6 23. Rd1 Re8 24. Qb4 a5 25. Qb1 Re2 26. f3 Qf5 27.
Rc1 Qg6 28. Rg1 Rxc2 29. Qe1 d5 30. Qe8+ Kh7 31. Qxb5 Ra2 32. Qxd5 Rxa3 33. Kh2
Rd3 34. Qa2 Qd6+ 35. Kh1 Qe6 36. Qb1 Qg6 37. Qe1 a4 38. Qa1 a3 39. Qa2 Qd6 40.
Qa1 Rd2 41. Rf1 a2 42. Rg1 Qd4 43. Rf1 Qxa1 44. Rxa1 Kg6 45. Kg1 Rb2 46. Kf1
Rb1+ 47. Rxb1 axb1=Q+ 48. Kf2 Qc2+ 49. Kg1 Kg5 50. Kh2 Kf4 51. h4 Qf2 52. Kh1
Kg3 53. h5 Qxg2# 0-1

[Event "20. Activity-Cup"]
[Site "Haus des Schachsports, 1020 Wi"]
[Date "2018.03.27"]
[Round "3.9"]
[White "Florea, Vlad"]
[Black "Kober, Stefan"]
[Result "0-1"]
[WhiteElo "800"]
[BlackElo "1087"]
[PlyCount "100"]
[EventDate "2018.03.26"]

1. e4 e5 2. Nf3 Nc6 3. Nc3 Bb4 4. Bb5 Bxc3 5. Bxc6 dxc6 6. dxc3 Qxd1+ 7. Kxd1
Bg4 8. Be3 Bxf3+ 9. gxf3 O-O-O+ 10. Bd2 Ne7 11. Rg1 Ng6 12. h4 h5 13. Ke2 Rd6
14. c4 c5 15. b4 Rhd8 16. Rad1 cxb4 17. Bxb4 Rxd1 18. Rxd1 Nf4+ 19. Ke1 Rxd1+
20. Kxd1 Ng2 21. Bd2 Nxh4 22. f4 exf4 23. Bxf4 Ng2 24. e5 Nxf4 25. Kd2 Kd7 26.
Ke3 Ng6 27. f4 Ke6 28. Ke4 h4 29. f5+ Ke7 30. fxg6 fxg6 31. Kf3 Ke6 32. Kg4 h3
33. Kxh3 Kxe5 34. Kg4 Kd4 35. c3+ Kxc4 36. Kg5 c5 37. Kxg6 b5 38. Kxg7 Kxc3 39.
Kf6 Kb2 40. Ke5 c4 41. Kd4 c3 42. a3 c2 43. Kc5 c1=Q+ 44. Kxb5 Kxa3 45. Ka6 Qb2
46. Kxa7 Qb5 47. Ka8 Kb4 48. Ka7 Kc5 49. Ka8 Kc6 50. Ka7 Qb7# 0-1

[Event "20. Activity-Cup"]
[Site "Haus des Schachsports, 1020 Wi"]
[Date "2018.03.27"]
[Round "3.10"]
[White "Radnaev, Mikael"]
[Black "Schirmbeck, David"]
[Result "0-1"]
[WhiteElo "800"]
[BlackElo "859"]
[PlyCount "108"]
[EventDate "2018.03.26"]

1. e4 e5 2. Nf3 Nc6 3. Bc4 d6 4. Nc3 Bg4 5. d3 Nd4 6. Bg5 Bxf3 7. gxf3 Qxg5 8.
Nb5 Qg2 9. Rf1 Qxh2 10. Nxc7+ Kd8 11. Nxa8 Qh6 12. Bxf7 Qf6 13. Bxg8 Rxg8 14.
Qd2 Nxf3+ 15. Kd1 Nxd2 16. Kxd2 Kc8 17. c4 Qh6+ 18. Ke2 Kb8 19. Rh1 Qf6 20.
Rxh7 Kxa8 21. Rah1 g6 22. Rc1 Qg5 23. Rc3 Rg7 24. Rh8 Qf6 25. c5 dxc5 26. Rxc5
Kb8 27. b4 Rf7 28. Rg8 Rh7 29. Rd5 Qf7 30. Rd8+ Kc7 31. Rdxf8 Qxa2+ 32. Kf3
Rh3+ 33. Kg4 Qe6+ 34. Rf5 gxf5+ 35. exf5 Qxg8+ 36. Kxh3 Kd7 37. f6 Qe6+ 38. Kg2
Qxf6 39. Kf1 Qf5 40. Ke2 e4 41. dxe4 Qxe4+ 42. Kd2 Qxb4+ 43. Kc2 Qf4 44. Kc3
Qxf2 45. Kb4 Qc2 46. Kb5 a5 47. Kb6 a4 48. Kxb7 a3 49. Kb6 a2 50. Kb5 a1=R 51.
Kb4 Rb1+ 52. Ka3 Qc8 53. Ka2 Rb7 54. Ka1 Qa8# 0-1

[Event "20. Activity-Cup"]
[Site "Haus des Schachsports, 1020 Wi"]
[Date "2018.03.27"]
[Round "4.1"]
[White "Kaspar, Sebastian"]
[Black "Wickramasinghe, Nathaniel"]
[Result "1/2-1/2"]
[WhiteElo "1387"]
[BlackElo "1335"]
[PlyCount "90"]
[EventDate "2018.03.26"]

1. d4 Nf6 2. c4 g6 3. Bf4 Bg7 4. e3 O-O 5. Nc3 d5 6. c5 Bf5 7. Nf3 Nc6 8. a3
Nh5 9. Bg3 Nf6 10. Bb5 a6 11. Bxc6 bxc6 12. Ne5 Bd7 13. O-O Nh5 14. Nf3 Rb8 15.
b4 Nf6 16. Qa4 Ra8 17. Qa5 Ra7 18. Rfb1 Nh5 19. Qa4 Nxg3 20. hxg3 e6 21. Qc2 e5
22. Nxe5 Bxe5 23. dxe5 Bf5 24. e4 dxe4 25. g4 Bxg4 26. Nxe4 Bf5 27. Re1 Qh4 28.
Qc4 Kh8 29. Qe2 Bxe4 30. Qxe4 Qxe4 31. Rxe4 a5 32. Rb1 axb4 33. axb4 Ra4 34. e6
Kg7 35. e7 Re8 36. Rbe1 Kf6 37. f4 Ra3 38. Kh2 h5 39. g3 Ra2+ 40. Kh3 Ra3 41.
Re5 Rb3 42. R1e4 Rb2 43. g4 hxg4+ 44. Kxg4 Rb3 45. f5 g5 {Die Spieler einigten
sich auf ein Remis (Schwarz hatte nur noch 10 Minuten auf der Uhr)} 1/2-1/2

[Event "20. Activity-Cup"]
[Site "Haus des Schachsports, 1020 Wi"]
[Date "2018.03.27"]
[Round "4.3"]
[White "Englisch, Tobias"]
[Black "Pavlov, Alexander"]
[Result "1-0"]
[WhiteElo "1454"]
[BlackElo "1152"]
[Annotator "Mobilität Läufer, Gitterbett"]
[PlyCount "105"]
[EventDate "2018.03.26"]

1. e4 e5 2. Nf3 Nc6 3. d4 f6 4. d5 Nce7 5. c4 Ng6 6. Nc3 Bb4 7. Bd2 N8e7 8. a3
Ba5 9. b4 Bb6 10. c5 Bxc5 11. bxc5 d6 12. cxd6 cxd6 13. Bb5+ Bd7 14. Bxd7+ Qxd7
15. Qa4 Qxa4 16. Nxa4 O-O 17. Rc1 b5 18. Nc3 a6 19. O-O Rac8 20. Ne2 Rxc1 21.
Rxc1 Rc8 22. Rxc8+ Nxc8 23. Ng3 Nb6 24. Nf5 Nc4 25. Bb4 Nf4 26. Nxd6 Nb2 27.
Nh4 Nbd3 28. g3 Ne2+ 29. Kf1 Nd4 30. Nhf5 Nc2 31. Ne7+ Kf8 32. Nc6 Ncxb4 33.
Nxb4 Nc5 34. f4 g6 35. fxe5 fxe5 36. Nc8 Nxe4 37. Nxa6 Nd2+ 38. Ke2 Nc4 39. Nc7
Na5 40. d6 Nb7 41. Nxb5 Ke8 42. Nb6 Kd8 43. a4 Na5 44. Nc7 Nb7 45. a5 Nxa5 46.
Ne6+ Ke8 47. d7+ Kf7 48. d8=Q Kxe6 49. Qd7+ Kf6 50. Nd5+ Kg5 51. h4+ Kh5 52.
Nf6+ Kh6 53. Qxh7# 1-0

[Event "20. Activity-Cup"]
[Site "Haus des Schachsports, 1020 Wi"]
[Date "2018.03.27"]
[Round "4.4"]
[White "Radnaev, Nomin"]
[Black "Gasca, Luca"]
[Result "1/2-1/2"]
[WhiteElo "1391"]
[BlackElo "962"]
[Annotator "Mattangriff, Zutrittsopfer"]
[PlyCount "66"]
[EventDate "2018.03.26"]

1. e4 e5 2. Nf3 Nc6 3. d4 exd4 4. Nxd4 Bc5 5. Nxc6 bxc6 6. Bd3 d5 7. Nc3 d4 8.
Ne2 Bg4 9. Bf4 Nf6 10. h3 Bb4+ 11. Bd2 Bxd2+ 12. Qxd2 Bh5 13. Nf4 O-O 14. g4
Bg6 15. Nxg6 hxg6 16. O-O-O Re8 17. Rhe1 Rb8 18. f4 Rb7 19. e5 Nd5 20. Be4 Qb8
21. Qxd4 Nxf4 22. Bxc6 Ne6 23. Qd7 Rd8 24. Qe7 Rxb2 25. Rxd8+ Nxd8 26. e6 Nxc6
27. exf7+ Kh7 28. Qe8 $4 Rb1+ 29. Kd2 Qb4+ 30. c3 Qb2+ 31. Kd3 Qb5+ (31... Nb4+
32. cxb4 (32. Ke4 Rxe1+ 33. Kf3 Rf1+ 34. Ke4) 32... Qa3+ 33. Kd4 Rxb4+ 34. Kc5
Qc3+ 35. Kd5 Qd4+ 36. Ke6 Qd6#) 32. Kc2 Qb2+ 33. Kd3 Qb5+ 1/2-1/2